Real American Civil War Quiz - Statistics

General Stats
  • This quiz has been taken 45 times
  • The average score is 11 of 15
Answer Stats
Question Answer % Correct
Where did Robert E. Lee sign his surrender to Ulysses S. Grant? Appomattox Court House
95%
What was the capital of the Confederate States of America? Richmond
95%
What was the first state to secede from the Union? South Carolina
95%
Where were the first shots of the Civil War taken? Fort Sumpter
92%
Who was the president of the Confederate States of America? Jefferson Davis
92%
Who was the famous Union general who "Marched to the Sea"? William Tecumseh Sherman
79%
During what Civil War battle was the famous Pickett's Charge? Gettysburg
72%
What battle contained the single deadliest day in American history? Antietam
69%
The capture of what city occurred from April 25 to May 1 in 1862? The capture of this city helped the Union to secure the Mississippi and is considered a turning point in the Civil War. New Orleans
69%
What was Ulysses S. Grant's real name? Hiram Ulysses Grant
64%
Approximately how many Americans died during the Civil War? 620,000-750,000
62%
What day did Abraham Lincoln give the Gettysburg Address? November 19, 1863
56%
What was the first battle between Ironclad warships? Battle of Hampton Roads
54%
At what battle was Thomas "Stonewall" Jackson shot by his own troops? Chancellorsville
54%
What was the nickname given to William Tecumseh Sherman by his troops? Uncle Billy
51%
No matching quizzes found
Score Distribution
Percent of People with Each Score
Percentile by Number Answered
Your Score History
You have not taken this quiz